Chutné jedlá pre štíhlu líniu 99 receptov,

Uloženo v:
Podrobná bibliografie
Hlavní autoři: Lajosová, Mari (Autor), Hemző, Károly (Autor)
Médium: Kniha
Jazyk:slovenština
Vydáno: Bratislava : Príroda, 2008
Vydání:1. vyd.
Témata:
ISBN:9788007016446
On-line přístup: Získat plný text
Tagy: Přidat tag
Žádné tagy, Buďte první, kdo vytvoří štítek k tomuto záznamu!

MARC

LEADER 00000nam a2200000 4500
003 SK-BrCVT
005 20230525125049.0
008 221214c2008 xo slo
020 |a 9788007016446 
035 |a CVTIDW0030455 
040 |a CVTISR  |c CVTISR  |e AACR2 
041 |a slo 
044 |a xo  |c SK 
100 1 |a Lajosová, Mari  |4 aut 
245 1 |a Chutné jedlá pre štíhlu líniu  |n 99 receptov,  |c Autori: Mari Lajosová, Károly Hemző 
250 |a 1. vyd. 
260 1 |a Bratislava :  |b Príroda,  |c 2008 
300 |a 72 s. 
655 4 |a odborné publikácie  |9 34859 
700 1 |a Hemző, Károly  |4 aut  |g doplnená zodpovednosť 
910 |a 17042  |b P072669 
919 |a 978-80-07-01644-6 
974 |a cvti cvti  |f Knihy neprofilové  |b cvti cvti 
992 |a AMG 
997 |h WINISIS 
999 |c 290558  |d 290558